000
00301nam a2200109Ia 4500
008
200302s9999 xx 000 0 und d
100
_a
Stephen Dobney
245
_a
The Monograph Series Percy Thomas Partnership HK
260
_b
The Images Publishing Group Pvt. Ltd.
260
_c
1998
300
_a
79 P.,
999
_c
1206
_d
1206